000 00581nam a2200217Ia 4500
005 20241129105905.0
008 241129s9999||||xx |||||||||||||| ||und||
020 _a978-0-367-50638-4
037 _aTB
040 _aARTS
_beng
_cARTS
041 _aeng
_2eng
084 _aV1:17 R3
_qARTS
100 _aVeracini Lorenzo Au.
_936780
245 0 _aColonialism: a global history
_cVeracini Lorenzo Au.
260 _aUK
_bRoutledge
_c2021
300 _avi,252p.
365 _aUKP
_b32.99
650 _aHistory-World
942 _cTB
_hV1:17 R3
999 _c1226454
_d1226454